000 00609nam a2200229Ia 4500
003 OSt
005 20220928101642.0
006 a|||||r|||| 00| 0
007 ta
008 220927b |||||||| |||| 00| 0 eng d
024 _a113475
037 _cTextual
040 _aSDCL
_cSDCL
_beng
041 _2eng
_aeng
082 _aO152,1:g(Delta), M4
100 _aSingh Shakala
_9393247
245 0 _aSant-kavya ka bimb-vidhaan.
260 _aMangla
_bPrakashan
_c1984
300 _a108p.
_ccm.
942 _hO152,1:g(Delta), M4
_cTEXL
_2CC
999 _c708900
_d708900